Big-Ears to the rescue / (Registro nro. 12175)

Detalles MARC
000 -LEADER
fixed length control field 00671nam a22002537a 4500
001 - CONTROL NUMBER
control field 000769
003 - CONTROL NUMBER IDENTIFIER
control field DO-SdBNP
005 - DATE AND TIME OF LATEST TRANSACTION
control field 20171128102542.0
007 - PHYSICAL DESCRIPTION FIXED FIELD--GENERAL INFORMATION
fixed length control field 000769
008 - FIXED-LENGTH DATA ELEMENTS--GENERAL INFORMATION
fixed length control field 161129b 1998 sp a ||||| |||| 00| 0 spa d
020 ## - INTERNATIONAL STANDARD BOOK NUMBER
International Standard Book Number 0001360825
020 ## - INTERNATIONAL STANDARD BOOK NUMBER
International Standard Book Number 9780001360822
040 ## - CATALOGING SOURCE
Original cataloging agency BPMSU
Language of cataloging spa
Transcribing agency BPMSU
082 ## - DEWEY DECIMAL CLASSIFICATION NUMBER
Classification number xxxx
Item number xxxx
100 1# - MAIN ENTRY--PERSONAL NAME
Personal name Blyton, Enid
245 10 - TITLE STATEMENT
Title Big-Ears to the rescue /
Statement of responsibility, etc. Enid Blyton.
260 ## - PUBLICATION, DISTRIBUTION, ETC. (IMPRINT)
Place of publication, distribution, etc. London :
Name of publisher, distributor, etc. Collins,
Date of publication, distribution, etc. 1998.
300 ## - PHYSICAL DESCRIPTION
Extent 32 p. :
Other physical details il. ;
Dimensions 25 cm.
490 1# - SERIES STATEMENT
Series statement Toyland stories.
830 #0 - SERIES ADDED ENTRY--UNIFORM TITLE
Uniform title Toyland stories.
942 ## - ADDED ENTRY ELEMENTS (KOHA)
Source of classification or shelving scheme Dewey Decimal Classification
Koha item type Libros
945 ## - LOCAL PROCESSING INFORMATION (OCLC)
a Inventariado 2017 /LP
956 ## - LOCAL ELECTRONIC LOCATION AND ACCESS (OCLC)
Access method LOPEREZ
Materials specified 10
Linkage 20161130
Field link and sequence number BPMSU
Host name 00041
Existencias
Withdrawn status Lost status Source of classification or shelving scheme Damaged status Not for loan Collection code Home library Current library Date acquired Source of acquisition Total Checkouts Full call number Barcode Date last seen Price effective from Koha item type
    Dewey Decimal Classification     Colección Infantil General Biblioteca Pública Metropolitana Salomé Ureña Biblioteca Pública Metropolitana Salomé Ureña 11/30/2016 FUNDI   xxxx xxxx BPMSU16111671 11/30/2016 11/30/2016 Libros